000
00216nam a2200097Ia 4500
008
170619s9999 xx 000 0 und d
100
_a
Hughes- Bob
245
0
_a
Software Project Management
260
_b
TMH
260
_c
2011
546
_a
ENGLISH
999
_c
22566
_d
22566